Welcome to the Holygrace Academy Library

Please use search bar below to get started

SYNOYMS,ANTONYMS & HOMONYMS (Record no. 3788)

MARC details
000 -LEADER
fixed length control field 00280nam a22001217a 4500
020 ## - INTERNATIONAL STANDARD BOOK NUMBER
ISBN 978-0-439-25415-1
082 ## - DEWEY DECIMAL CLASSIFICATION NUMBER
Classification number 425
Item number SCH/S
245 ## - TITLE STATEMENT
Title SYNOYMS,ANTONYMS & HOMONYMS
260 ## - PUBLICATION, DISTRIBUTION, ETC. (IMPRINT)
Place of publication NEW YORK
Name of publisher SCHOLASTIC
300 ## - PHYSICAL DESCRIPTION
Number of Pages 220
650 ## - SUBJECT ADDED ENTRY--TOPICAL TERM
Topical Term SYNONYMS & ANTONYMS
Geographic subdivision NEW YORK
942 ## - ADDED ENTRY ELEMENTS (KOHA)
Koha item type Books
Holdings
Withdrawn status Lost status Collection code Home library Current library Shelving location Date acquired Source of acquisition Full call number Accession Number Koha item type
    Reference Main Library Main Library SHELF-16C -ENGLISH GRAMMAR SYNONYMS7ANTONYMS,LETTERS, ETC 04/12/2013 PURCHASE 425 SCH/S 07482 Books